01014cam a22002895a 4500001001000000003000400010005001700014008004100031020001500072020001800087040004000105082002000145100002600165245006800191250003200259260005400291300004300345500002400388500002700412504003100439650002900470651001000499653002200509942002000531999001700551952015600568015748613OSt20170611102727.0110202t2012 at a frbd 001 0 eng d a1111829535 a9788122436440 aStDuBDSbengcStDuBDSdUkdEG-ScBUE04a302.23bBIA2221 937804aBiagi, Shirley10aMedia/impact :ban introduction to mass media /cShirley Biagi. a10th ed., International ed. aCanberra :bWadswort / Cengage Learning,cc.2012. axxxiv, 430 p. :bill. (col.) ;c27 cm. aIndex : p. 410-430. aGlossary : p. 383-386. aBibliography : p. 387-409. 7aMass media.2BUEsh99699 2BUEsh bCOMAMEcApril2015 2ddck302.23 BIA c19250d19222 00102ddc40708BaccahaMAINbMAINc1STd2015-08-02epurchaseg528.00h21758l1m2o302.23 BIAp000038109r2025-07-15 00:00:00s2016-10-17v657.50yBB